000 00545nam a2200229Ia 4500
005 20260320201457.0
008 008 262003s9999 xx 000 0 eng d
037 _aEBOOK
040 _aCRL
040 _beng
040 _cCRL
041 _2eng
041 _aeng
084 _qCRL
100 _aDanaher
_91135185
245 0 _aRobot Sex: Social and Ethical Implications
260 _bIEEE
856 _uhttps://ieeexplore.ieee.org/servlet/opac?bknumber=8169742
942 _cEBOOK
999 _c1721478
_d1721478